000
00312nam a2200133Ia 4500
008
220216s9999 xx 000 0 und d
100
_a
Austen C R
245
0
_a
Rubber in the gas industry
260
_b
IRI Transactions
_c
1935
300
_a
264-282
650
_a
Gas industry
650
_a
Rubber
942
_c
JS
999
_c
67699
_d
67699